| 000 | 00736nam a2200265Ia 4500 | ||
|---|---|---|---|
| 003 | OSt | ||
| 005 | 20220928124401.0 | ||
| 006 | a|||||r|||| 00| 0 | ||
| 007 | ta | ||
| 008 | 220927b |||||||| |||| 00| 0 eng d | ||
| 024 | _a52343 | ||
| 037 | _cTextual | ||
| 040 |
_aSDCL _cSDCL _beng |
||
| 041 |
_2eng _aeng |
||
| 082 | _aX:86, P9 | ||
| 100 |
_aHavila Virpi _9464795 |
||
| 245 | 0 | _aManaging project ending | |
| 260 |
_aLondon _bRoutledge _c2009 |
||
| 300 |
_axvi,112p _ccm. |
||
| 490 | _aRoutledge advances in management and business studies | ||
| 650 |
_aProject Management _9412760 |
||
| 700 |
_a Salmi Asta _9464796 |
||
| 942 |
_hX:86, P9 _cTEXL _2CC |
||
| 999 |
_c777694 _d777694 |
||